<?xml version="1.0" encoding="UTF-8"?>
<collection xmlns="http://www.loc.gov/MARC21/slim">
 <record>
  <leader>02113nam a2200289 a 4500</leader>
  <controlfield tag="001">1/43722</controlfield>
  <controlfield tag="008">130725s2009    gr a          00010 gre d</controlfield>
  <datafield tag="020" ind1=" " ind2=" ">
   <subfield code="a">9789604887477 (τ.1)</subfield>
  </datafield>
  <datafield tag="020" ind1=" " ind2=" ">
   <subfield code="a">9789604887484 (τ.2)</subfield>
  </datafield>
  <datafield tag="035" ind1=" " ind2=" ">
   <subfield code="l">46651</subfield>
  </datafield>
  <datafield tag="040" ind1=" " ind2=" ">
   <subfield code="a">GR-PeUP</subfield>
  </datafield>
  <datafield tag="082" ind1="0" ind2="0">
   <subfield code="a">910 ΝΑΤ</subfield>
  </datafield>
  <datafield tag="110" ind1="2" ind2=" ">
   <subfield code="a">National Geographic Society (U.S.).</subfield>
  </datafield>
  <datafield tag="245" ind1="1" ind2="0">
   <subfield code="a">500 άγνωστα ταξίδια ζωής :</subfield>
   <subfield code="b">μοναδικές ταξιδιωτικές εμπειρίες στις πιο κρυφές γωνιές /</subfield>
   <subfield code="c">[συγγραφείς: Jeremy Allan ... [και ά.] [και] National Geographic Society] ; προλογίζει ο Κιθ Μπέλοους ; [επιμέλεια, διόρθωση: Άννα Βλαχοδήμου, Νατάσα Γιαπιτζή ; μετάφραση: Νίκος Κουμπιάς ... [και ά.]]</subfield>
  </datafield>
  <datafield tag="260" ind1="0" ind2=" ">
   <subfield code="a">Αθήνα :</subfield>
   <subfield code="b">4Π Ειδικές Εκδόσεις,</subfield>
   <subfield code="c">2012.</subfield>
  </datafield>
  <datafield tag="300" ind1=" " ind2=" ">
   <subfield code="a">2τ. (149 · 318) σ. :</subfield>
   <subfield code="b">εικ. ;</subfield>
   <subfield code="c">31 εκ.</subfield>
  </datafield>
  <datafield tag="500" ind1=" " ind2=" ">
   <subfield code="a">Η αρίθμηση είναι συνεχόμενη.</subfield>
  </datafield>
  <datafield tag="500" ind1=" " ind2=" ">
   <subfield code="a">Διανέμεται με το περιοδικό &quot; National Geographic. Ελλάδα&quot;, Τ.1 : τ. 28, no 2, Φεβρουάριος 2012 &amp; Τ.2 : τ. 28, no 3 Μάρτιος 2012.</subfield>
  </datafield>
  <datafield tag="500" ind1=" " ind2=" ">
   <subfield code="a">Τ.1: Ο κόσμος από ψηλά - Απάτητη φύση - Νησιώτικες αποδράσεις - Άγνωστες διαδρομές.</subfield>
  </datafield>
  <datafield tag="500" ind1=" " ind2=" ">
   <subfield code="a">Τ.2: Ιστορικοί τόπι που δεν γνωρίζουμε - Πνευματικά καταφύγια - Κρυμμένοι θησαυροί - Ανεξερεύνητα χωριά - Κρυφές γωνιές των πόλεων.</subfield>
  </datafield>
  <datafield tag="650" ind1=" " ind2="4">
   <subfield code="a">Ταξίδια και περιηγήσεις.</subfield>
  </datafield>
  <datafield tag="700" ind1="1" ind2=" ">
   <subfield code="a">Γιαπιτζή, Νατάσα.</subfield>
  </datafield>
  <datafield tag="700" ind1="1" ind2=" ">
   <subfield code="a">Bellows, Keith.</subfield>
  </datafield>
  <datafield tag="700" ind1="1" ind2=" ">
   <subfield code="a">Βλαχοδήμου, Αννα.</subfield>
  </datafield>
  <datafield tag="700" ind1="1" ind2=" ">
   <subfield code="a">Allan, Jeremy.</subfield>
  </datafield>
  <datafield tag="852" ind1=" " ind2=" ">
   <subfield code="a">INST</subfield>
   <subfield code="b">UNIPILB</subfield>
   <subfield code="c">MAIN</subfield>
   <subfield code="e">20130725</subfield>
   <subfield code="h">910 ΝΑΤ</subfield>
   <subfield code="p">00169141</subfield>
   <subfield code="q">00169141</subfield>
   <subfield code="t">LOAN</subfield>
   <subfield code="y">0</subfield>
   <subfield code="4">1</subfield>
  </datafield>
  <datafield tag="852" ind1=" " ind2=" ">
   <subfield code="a">INST</subfield>
   <subfield code="b">UNIPILB</subfield>
   <subfield code="c">MAIN</subfield>
   <subfield code="e">20130725</subfield>
   <subfield code="h">910 ΝΑΤ</subfield>
   <subfield code="p">00169142</subfield>
   <subfield code="q">00169142</subfield>
   <subfield code="t">LOAN</subfield>
   <subfield code="y">0</subfield>
   <subfield code="4">1</subfield>
  </datafield>
 </record>
</collection>
